000 00987 a2200169 4500
003 Nust
005 20221013185549.0
040 _cNust
082 _a604.2,DAR
100 _aA.Darling, Henry
_9100235
245 _aA Course of Workshop Drawing
_cHenry A.Darling
260 _aLondon
_bBlackie
505 _aDescription And Use Of Instruments (Page-1),Use The Scales (Page-13),Preparation Of Drawing (Page-19),Lines And Angles (Page-22), The Circle(Page-28),The Triangle (Page-40), Plane Figures(Page-47), Regular Polygons(Page-53),Mensruation Of The Circle (Page-56), Simple Solids(Page-60), Sketching(Page-65),Pictorial Projection (Page-67), Isometric Projection(Page-73), Orthographic Projection(Page-79), Sectional Views(Page-87),Intersections Of Solids (Page-98), Developments Of Surface(Page-109),Helices And Screw Threads (Page-113),Loci (Page-117),Lines And Planes (Page-122).
600 _aHenry A Darling
_9100236
650 _aWorkshop Drawing
_9100237
942 _2ddc
_cBK
999 _c183042
_d183042